| 000 | 00346nam a22001457a 4500 | ||
|---|---|---|---|
| 008 | 230419b ||||| |||| 00| 0 eng d | ||
| 020 | _a978749476335 | ||
| 041 | _aeng | ||
| 080 |
_2THIRD EDITION _a330.101 |
||
| 082 | _a330.101RAY | ||
| 100 | _a23 | ||
| 101 | _aMARKET | ||
| 245 |
_aUNDERSTANDING DIGITAL MARKETING _cRYAN .D |
||
| 942 |
_2udc _cBK |
||
| 999 |
_c59601 _d59601 |
||